00661nam a2200277Ia 4500008004100000020001800041100001700059245001000076245001700086260001500103260002000118260000900138300001700147300001000164650001500174650001600189650001700205650003000222650001300252650002200265650002200287650002200309650002200331650002200353700000800375160803s9999 xx 000 0 und d a9780545270113 aWeeks, Sarah aPie / cSarah Weeks. aNew York : bScholastic Inc. c2011 a183 pages ;  c19 cm aBakers --  aCooking --  aFamilies --  aMothers and daughters --  aPies --  xJuvenile fiction. xJuvenile fiction. xJuvenile fiction. xJuvenile fiction. xJuvenile fiction. a930